Loading...
| Literature - European | 0 | 10 | 1 | 1 | 95 | 41 | 89.30 | 3 | 9 | 27.66 | 59.74 |
| Literature - World | 0 | 9 | 0 | 2 | 90 | 45 | 86.67 | 4 | 7 | 24.91 | 53.33 |
| Philosophy | 0 | 9 | 2 | 0 | 80 | 40 | 72.22 | 6 | 9 | 26.99 | 58.97 |
| Literature - American | 0 | 8 | 0 | 0 | 80 | 49 | 92.00 | 1 | 5 | 21.94 | 41.28 |
| Literature - British | 0 | 8 | 1 | 0 | 75 | 22 | 87.13 | 4 | 7 | 24.18 | 50.00 |
| Mythology | 0 | 8 | 2 | 0 | 70 | 35 | 67.00 | 2 | 7 | 28.94 | 43.08 |
| Fine Arts - Painting and Sculpture | 0 | 5 | 2 | 1 | 40 | 68 | 99.20 | 0 | 2 | 8.18 | 19.23 |
| Religion | 0 | 4 | 1 | 0 | 35 | 70 | 82.25 | 2 | 3 | 9.38 | 21.79 |
| Science - Chemistry | 0 | 3 | 0 | 0 | 30 | 67 | 86.00 | 1 | 3 | 6.89 | 17.69 |
| Science - Biology | 0 | 2 | 0 | 0 | 20 | 69 | 79.00 | 1 | 1 | 4.01 | 10.26 |
| Science - Other | 0 | 2 | 1 | 1 | 15 | 51 | 81.50 | 1 | 2 | 4.25 | 11.54 |
| Social Science | 0 | 1 | 0 | 0 | 10 | 74 | 74.00 | 1 | 1 | 2.00 | 6.41 |
| Popular Culture | 0 | 1 | 0 | 0 | 10 | 57 | 57.00 | 0 | 1 | 15.31 | 16.67 |
| History - Other | 0 | 1 | 0 | 0 | 10 | 94 | 94.00 | 1 | 1 | 1.86 | 7.69 |
| Other Academic | 0 | 1 | 1 | 1 | 5 | 135 | 135.00 | 0 | 0 | 0.00 | 5.56 |
| Science - Physics | 0 | 1 | 1 | 1 | 5 | 113 | 113.00 | 0 | 0 | 0.00 | 1.28 |
| Fine Arts - Other | 0 | 0 | 1 | 0 | -5 | 0.00 | 0 | 0 | 0.00 | 0.00 |